000 01095cab a22001935a 4500
001 L154964
008 120213e20120203xxk 000 0 eng d
035 _a(Sirsi) u154964
041 0 _aeng
100 1 _aHatcher, David
245 0 0 _aMarkets
_bWest Midlands
260 _c2012
490 0 _aProperty Week
_v78(05) 3 February 2012, 45-56(5)
520 _aPotential leaseholders who have registered bids for Ballymore's 2 Cornwall Street, Birmingham office site will also have to negotiate with likely new freeholder Nurton. Looks at winning and losing sites affected by the future location of the HS2 Curzon Street station in Birmingham. Birmingham Science Park Aston's next phase, Digital Plaza, has attracted potential development partners. Bruntwood buys Birmingham's City Centre for £22m. Law firm Shoosmiths is searching for 40 000 sq ft of office space in Birmingham city centre. Roxhill is preparing a planning application for 4.6m sq ft of sheds and offices at Coventry airport.
590 _aKA
651 4 _aWest Midlands
690 _aCommercial property
_96227
942 _n0
999 _c83761
_d83761